| 000 | 01309cam a2200313 a 4500 | ||
|---|---|---|---|
| 001 | 3507276 | ||
| 005 | 20060728220312.0 | ||
| 008 | 950824s1996 nyua b 001 0 eng | ||
| 010 | _a 95040716 | ||
| 020 | _a0824789849 (alk. paper) | ||
| 040 |
_aDLC _cDLC _dDLC |
||
| 050 | 0 | 0 |
_aS623 _b.S5735 1996 |
| 082 | 0 | 0 |
_a631.45 _220 _bSOI |
| 245 | 0 | 0 |
_aSoil erosion, conservation, and rehabilitation / _cedited by Menachem Agassi. |
| 260 |
_aNew York : _bMarcel Dekker, _cc1996. |
||
| 300 |
_a397 p. : _bill. ; _c24 cm. |
||
| 440 | 0 |
_aBooks in soils, plants, and the environment _95049 |
|
| 504 | _aIncludes bibliographical references and index. | ||
| 650 | 0 |
_aSoil erosion. _95050 |
|
| 650 | 0 |
_aRain and rainfall. _95051 |
|
| 650 | 0 |
_aRunoff. _95052 |
|
| 650 | 0 |
_aReclamation of land. _95053 |
|
| 650 | 0 |
_aSoil conservation. _95054 |
|
| 700 | 1 |
_aAgassi, Menachem, _d1940- _95055 |
|
| 856 | 4 | 2 |
_3Publisher description _uhttp://www.loc.gov/catdir/enhancements/fy0647/95040716-d.html |
| 942 |
_2ddc _cBB |
||
| 999 |
_c11599 _d11599 |
||